Handbook of particle physics by M K Sundaresan (Record no. 1211731)

MARC details
000 -LEADER
fixed length control field 01014nam a2200289Ia 4500
003 - CONTROL NUMBER IDENTIFIER
control field OSt
005 - DATE AND TIME OF LATEST TRANSACTION
control field 20221007123342.0
008 - FIXED-LENGTH DATA ELEMENTS--GENERAL INFORMATION
fixed length control field 221006b |||||||| |||| 00| 0 eng d
020 ## - INTERNATIONAL STANDARD BOOK NUMBER
International Standard Book Number 0849302153 (hbd)
-- 49.95
037 ## - SOURCE OF ACQUISITION
Terms of availability Textual
040 ## - CATALOGING SOURCE
Original cataloging agency PAPL
Transcribing agency PAPL
Language of cataloging eng
041 ## - LANGUAGE CODE
Source of code eng
Language code of text/sound track or separate title eng
100 ## - MAIN ENTRY--PERSONAL NAME
Personal name Sundaresan M K
9 (RLIN) 717119
245 #0 - TITLE STATEMENT
Title Handbook of particle physics by M K Sundaresan
260 ## - PUBLICATION, DISTRIBUTION, ETC.
Place of publication, distribution, etc. Bocs
Name of publisher, distributor, etc. Raton CRC Press
Date of publication, distribution, etc. 2001
300 ## - PHYSICAL DESCRIPTION
Extent 446p
Dimensions cm.
490 ## - SERIES STATEMENT
Series statement CRC series in pure and applied physics
500 ## - GENERAL NOTE
General note Bibliographical references 427-446p; ^n23/CSL/E/2001-2002/541^d2001-11-15^mPurchase; ; 2001-2002/354^b2001-12-19^c15359/2001^d2001-12-04^eRs.2,162.00^fPanima Educational Book Agency; ; 2002-01-17^bSB^c2002-05-27^dRPS
650 ## - SUBJECT ADDED ENTRY--TOPICAL TERM
Topical term or geographic name entry element Particle Physics
650 ## - SUBJECT ADDED ENTRY--TOPICAL TERM
Topical term or geographic name entry element Physics
942 ## - ADDED ENTRY ELEMENTS (KOHA)
Classification part C9B36, P1
Koha item type Textual
Source of classification or shelving scheme Colon Classification (CC)
Holdings
Withdrawn status Lost status Source of classification or shelving scheme Damaged status Not for loan Home library Current library Date acquired Source of acquisition Total Checkouts Full call number Barcode Date last seen Price effective from Koha item type
    Colon Classification (CC)     Department of Physics and Astrophysics Library Department of Physics and Astrophysics Library 2022-10-07 Panima,   C9B36 P1 PA0005296 2022-10-07 2022-10-07 Textual
Copyright @ Delhi University Library System